El mundo florentino y su ambiente social; la república burguesa anterior a Cosme de Médicis: siglos XIV y XV (Record no. 11804)

MARC details
000 -LEADER
campo de control de longitud fija 00389nam a2200121Ia 4500
008 - DATOS DE LONGITUD FIJA--INFORMACIÓN GENERAL
campo de control de longitud fija 231129s1963||||xx |||||||||||||| ||spa||
082 ## - NÚMERO DE LA CLASIFICACIÓN DECIMAL DEWEY
Número de clasificación GOR- 013
100 ## - ENTRADA PRINCIPAL--NOMBRE DE PERSONA
Nombre de persona Antal Frederick
245 #0 - MENCIÓN DEL TÍTULO
Título El mundo florentino y su ambiente social; la república burguesa anterior a Cosme de Médicis: siglos XIV y XV
260 ## - PUBLICACIÓN, DISTRIBUCIÓN, ETC.
Fecha de publicación, distribución, etc. 1963
264 ## - PRODUCCIÓN, PUBLICACIÓN, DISTRIBUCIÓN, FABRICACIÓN Y COPYRIGHT
Producción, publicación, distribución, fabricación y copyright Madrid España: Guadarrama 1963
942 ## - ELEMENTOS DE ENTRADA SECUNDARIOS (KOHA)
Fuente del sistema de clasificación o colocación Clasificación Decimal Dewey
Tipo de ítem Koha
Holdings
Estatus retirado Estado de pérdida Fuente del sistema de clasificación o colocación Estado de daño No para préstamo Biblioteca de origen Biblioteca actual Fecha de adquisición Total de préstamos Signatura topográfica completa Código de barras Visto por última vez Copia número Precio de reemplazo Tipo de ítem Koha
    Clasificación Decimal Dewey     BIBLIOTECA PÚBLICA MUNICIPAL RAMON CORREA MEJIA BIBLIOTECA PÚBLICA MUNICIPAL RAMON CORREA MEJIA 01/11/2016   GOR- 013 GOR-013 29/11/2023 1 29/11/2023 Libros

Powered by Koha